| 000 | 00712cam a22002417a 4500 | ||
|---|---|---|---|
| 020 | _a9789250059174 | ||
| 020 | _a9250059175 | ||
| 040 | _cU6C | ||
| 082 | 0 | 0 | _a639 FAO 2008 A049 Or. |
| 100 | 1 | _aCrespi, Valerio. | |
| 245 | 1 | 0 | _aGlossary of aquaculture / |
| 246 | 3 | 1 | _aGlossaire d'aquaculture |
| 246 | 3 | 1 | _aGlosario de acuicultura |
| 260 |
_aRome : _bFAO, _c2008. |
||
| 300 |
_axxii, 401 p. ; _c30 cm. + _e1 CD-ROM (4 3/4 in.) |
||
| 500 | _aTambiƩn disponible en CD-ROM. | ||
| 500 | _aIncludes indexes. | ||
| 650 | 0 | _aAquaculture | |
| 700 | 1 | _aCoche, A. G. | |
| 710 | 2 | _aFood and Agriculture Organization of the United Nations | |
| 856 | 4 | 1 | _uhttp://www.fao.org/fi/glossary/aquaculture |
| 942 | _cFB | ||
| 999 |
_c14346 _d14346 |
||